| 000 | 005280000a22001450004500 | ||
|---|---|---|---|
| 090 |
_aAS _bSeriadas |
||
| 245 | 1 | 0 | _aEstudio bioecológico de la ictiofauna del enfasis en la trucha arco iris, Oncorhynchus mykiss |
| 041 | 0 | _aEspañol | |
| 700 | 1 |
_aTéllez, Luz Stella _999150 |
|
| 700 | 1 |
_aCala, Plutarco _999085 |
|
| 700 | 1 |
_aGuillot Monroy, Gabriel _93669 |
|
| 100 | 1 |
_aMora, Gilberto _999151 |
|
| 942 | _cARTICULO | ||
| 773 | 1 |
_tRevista de la Academia Colombiana de Ciencias Exactas, Fisicas y Naturales _332 _h70 _q409-422 _d1992 _g18 |
|
| 999 |
_c14216 _d14216 |
||